Šťastie ; Navrátený raj

Bibliographic Details
Main Author: Royová, Kristína, 1860-1936 (Author)
Format: Book
Language:Slovak
PhysicalDescription:215 s. 20 cm
Published: Bratislava MSEJK 2006
ISBN:808889185X
Edition:[1. vyd.]
Subjects:

MARC

LEADER 00000nam a2200000 a 4500
001 vtls008767601
003 SK-MaSNL
005 20260302075138.0
008 240318s2006 xo g 000 0 slo
015 |a SNBA2006/07-03674 
020 |a 808889185X  |q (brož.) 
035 |a 1B37D4B3-F96C-4420-94FA-A19FB64A9D3E 
035 |a urn:nbn:sk:snk-amje9r 
035 |a urn:nbn:sk:snk-am000yj7 
040 |a SNK  |b slo  |c SNK  |e AACR2 
041 0 |a slo 
044 |a xo  |c SK 
072 7 |a 821.162.4-3  |x Slovenská literatúra  |2 konspekt 
080 |a 821.162.4-32  |2 2001 
080 |a (0:82-322.2)  |2 2001 
100 1 |a Royová, Kristína,  |d 1860-1936  |4 aut  |9 87520 
245 1 0 |a Šťastie ; Navrátený raj  |c Kristína Royová 
250 |a [1. vyd.] 
260 |a Bratislava  |b MSEJK  |c 2006 
300 |a 215 s.  |c 20 cm 
500 |a Slovník starších slov a výrazov 
500 |a Dokument obsahuje 2 diela 
655 7 |a slovenské poviedky  |2 SNKPH  |9 70226 
655 7 |a náboženské prózy  |2 SNKPH  |9 79486 
740 0 2 |a Navrátený raj 
919 |a 80-88891-85-X 
999 |c 1168077  |d 1170007 
952 |a SNK  |b SNK  |y PREZ  |7 0  |p 17A0511170  |o snkSD 75677  |i snk2006/10672  |8 0  |0 0  |1 0  |4 0  |d 2006-05-30  |l 0  |r 2025-11-24 00:00:00  |w 2026-02-24 
952 |a SNK  |b SNK  |y PREZ  |7 0  |p 17A0511148  |o snkSD 75677 D1  |i snk2006/10673  |8 0  |0 0  |1 0  |4 0  |d 2006-05-30  |f 1  |l 0  |r 2017-06-30 00:00:00  |w 2026-02-24